| 000 | 00775nam a2200277 a 4500 | ||
|---|---|---|---|
| 001 | 42363 | ||
| 003 | BD-RjUL | ||
| 005 | 20211209053530.0 | ||
| 008 | 160611s1980 cau b 000 0 eng | ||
| 020 | _a053400749X | ||
| 035 | _aMITb10084240 | ||
| 035 | _a(BD-RjUL)42481 | ||
| 035 | _aGLIS00084240 | ||
| 040 |
_aDLC _cDLC _dBD-RjUL _beng |
||
| 041 | _aeng | ||
| 082 |
_223 _a342.73085 _bBEF 1980 |
||
| 099 | _aKF4770.A75.F73 | ||
| 100 |
_aBerger, Fred R. _9130297 |
||
| 245 | 0 | 0 |
_aFreedom of expression / _c Fred R. Berger. |
| 260 |
_aBelmont, Calif : _bWadsworth Pub. Co., _cc1980. |
||
| 300 |
_avii, 207 p. ; _c23 cm. |
||
| 504 | _aBibliography: p. 205-207. | ||
| 650 | 0 |
_aFreedom of speech _zUnited States. _9130298 |
|
| 942 |
_2ddc _cBK |
||
| 999 |
_c42363 _d42363 |
||